Il potere di Roma. Dieci secoli di impero
Αποθηκεύτηκε σε:
| Κύριος συγγραφέας: | |
|---|---|
| Μορφή: | Άγνωστο |
| Γλώσσα: | Αγγλικά |
| Έκδοση: |
Roma, Italia.
Carocci editore,
2019
|
| Έκδοση: | 1a edizione |
| Σειρά: | Quality Paperbacks;
612 |
| Θέματα: | |
| Ετικέτες: |
Προσθήκη ετικέτας
Δεν υπάρχουν, Καταχωρήστε ετικέτα πρώτοι!
|
MARC
| LEADER | 00000 a2200000 4500 | ||
|---|---|---|---|
| 003 | CL-VaPUC | ||
| 005 | 20211122160250.0 | ||
| 008 | 211026b2019 ||||| |||| 00| 0 eng d | ||
| 999 | |c 433770 |d 433768 | ||
| 020 | |a 978-88-290-0510-9 | ||
| 040 | |c Pontificia Universidad Católica de Valparaíso | ||
| 082 | |a 937.06 HAR 2019 | ||
| 100 | 1 | |a Harris, William V. |9 863784 | |
| 245 | |a Il potere di Roma. |b Dieci secoli di impero | ||
| 250 | |a 1a edizione | ||
| 260 | |a Roma, Italia. |b Carocci editore, |c 2019 | ||
| 300 | |a 425 páginas | ||
| 490 | |a Quality Paperbacks; |v 612 | ||
| 583 | |k Cristina María Rojas Aguilar |c 20211026 | ||
| 651 | 0 | |a Roma(Imperio) |9 862914 |x Poder | |
| 942 | |2 ddc |c BK | ||
| 952 | |0 0 |1 0 |2 ddc |4 0 |6 937_060000000000000_HAR_2019 |7 0 |8 A |9 579052 |a BIBHIS |b BIBHIS |d 2021-10-26 |e 151 |g 17989.77 |i 5589649 |o 937.06 HAR 2019 |p 5589649 |r 2023-01-25 |t 1 |v 17989.77 |w 2021-10-26 |y BK |k HIS | ||